Top 25 Colleges With The Most NFL Players - Statistics

General Stats
  • This quiz has been taken 264 times
  • The average score is 17 of 26
Answer Stats
Number of
Players on
Rosters
Answer % Correct
57 Alabama
98%
48 Ohio State
93%
30 Texas
93%
38 Michigan
88%
35 Florida
86%
43 LSU
83%
25 Oregon
83%
34 Penn State
77%
37 Clemson
75%
32 Oklahoma
75%
23 Texas A&M
75%
27 USC
75%
20 Miami
72%
34 Notre Dame
72%
22 UCLA
70%
21 Tennessee
69%
26 Auburn
62%
29 Iowa
60%
23 Ole Miss
58%
21 South Carolina
56%
21 Wisconsin
54%
24 Stanford
40%
19 TCU
38%
19 Pittsburgh
19%
49 Georgie
2%
27 Washginton
1%
No matching quizzes found
Score Distribution
Percent of People with Each Score
Percentile by Number Answered
Your Score History
You have not taken this quiz